000 02364nam0a2200409 4500
001 RU\NLR\BIBL_A\012696950
005 20220405180849.0
010 _a978-5-6045134-9-1
021 _aRU
_bКН-П-21-069091
_9КН-П-21-5475
035 _a(NLR Aleph) 012696950
035 _a(RuMoRGB)010830239
090 _a12865428
_c12865428
100 _a20220131d2021 k y0rusy50 ca
101 0 _arus
102 _aRU
105 _aa z 100zy
181 0 _ai3
_baxxe
182 0 _an
200 1 _aПоколение Z в музее: ожидание и реальность
_eсборник материалов по итогам круглого стола, [проходившего в рамках Недели культуры]
_fГосударственное учреждение культуры Тульской области "Тульское музейное объединение"
_gсоставитель: Райхлина Е. Л
203 _aТекст
_bвизуальный
_cнепосредственный
210 _aТула
_cПромпилотПро
_d2021
215 _a62 с.
_cил.
_d20
320 _aБиблиогр. в конце ст.
606 1 _aМузеи
_jСъезды, совещания и т.п
_xРабота с образовательными учреждениями
_92390034
_3RU\NLR\AUTH\6601645820
606 1 _aМузеи
_jСъезды, совещания и т.п
_xРабота с детьми
_92070463
_3RU\NLR\AUTH\661245183
606 1 _aМузеи
_jСъезды, совещания и т.п
_xРабота с молодежью
_92221728
_3RU\NLR\AUTH\6601567155
686 1 _aЧ30в2
_bЧ77я431
686 1 _aЧ771.34я431
702 1 _aРайхлина
_bЕ. Л.
_gЕвгения Львовна
_4220
711 1 2 _a"Поколение Z в музее: ожидание и реальность", круглый стол
_eТула
_f2021
_9786196
_3RU\NLR\AUTH\880559421
711 1 2 _aНеделя культуры
_eТула
_f2021
_9786199
_3RU\NLR\AUTH\880559423
712 0 2 _4570
_aТульское музейное объединение
_9786202
_3RU\NLR\AUTH\880559425
942 _cBOOK
980 _aNB